Statystyki dla Z jakiego kraju pochodzą te kluby#4 wersja 30 sekundowa

Kliknij tutaj aby rozwiązać quiz!

Ogólne statystyki

  • Ten quiz został rozwiązany 148 razy
  • Średni wynik to 11 z 15

Statystyki odpowiedzi

HintOdpowiedź% Poprawnych
Real MadritHiszpania
100%
FC BarcelonaHiszpania
99%
MexicoMeksyk
95%
LiverpoolAnglia
94%
Manchester UnitedAnglia
93%
Manchester CityAnglia
93%
Los Angeles galaxyUsa
90%
Legia WarszawaPolska
88%
Lokomotiv moskwaRosja
84%
HJK helsinkiFinlandia
67%
AjaxHolandia
57%
PSVHolandia
49%
PSGFrancja
38%
JuventusWłochy
31%
UdineseWłochy
28%

Rozkład punktacji

Percentyl według liczby udzielonych odpowiedzi

Procent ludzi z każdym wynikiem

Twoja historia wyników

Nie rozwiązałeś tego quizu